000 00587nam a2200229Ia 4500
003 OSt
005 20221005125747.0
006 a|||||r|||| 00| 0
007 ta
008 221004b |||||||| |||| 00| 0 san d
024 _a53467
037 _cTextual
040 _aCRL
_cCRL
_bsan
041 _2san
_asan
082 _aO15,2E75,1, 32J0
100 _aMisran Krishna Au.
_9637084
245 0 _aPrabhodha chandradgam
260 _c1950
650 _aSANSKRIT DRAMA
942 _hO15,2E75,1, 32J0
_cTEXL
_2cc
999 _c1054983
_d1054983